name the best soccer player by this country (of all time) - Statistics

General Stats
  • This quiz has been taken 144 times
  • The average score is 11 of 16
Answer Stats
Picture Answer % Correct
Messi
100%
Ronaldo
96%
Modric
89%
Bale
85%
Salah
84%
Lewandowski
82%
Cruyf
72%
De Bruyne
70%
Davies
65%
Mahrez
59%
Yashin
56%
Hagi
52%
Shevchenko
50%
Stoichkov
46%
Dempsey
32%
Ziyech
32%
No matching quizzes found
Score Distribution
Percent of People with Each Score
Percentile by Number Answered
Your Score History
You have not taken this quiz